| 000 -LEADER |
| fixed length control field |
01018nam a2200253 a 4500 |
| 007 - PHYSICAL DESCRIPTION FIXED FIELD--GENERAL INFORMATION |
| fixed length control field |
ta |
| 008 - FIXED-LENGTH DATA ELEMENTS--GENERAL INFORMATION |
| fixed length control field |
120719s1976 xxka g i000 0 eng d |
| 020 ## - INTERNATIONAL STANDARD BOOK NUMBER |
| International Standard Book Number |
9280110535 |
| 040 ## - CATALOGING SOURCE |
| Original cataloging agency |
IMU Kochi Library |
| Language of cataloging |
eng |
| 041 0# - LANGUAGE CODE |
| Language code of text/sound track or separate title |
eng |
| 044 ## - COUNTRY OF PUBLISHING/PRODUCING ENTITY CODE |
| MARC country code |
United Kingdom |
| 082 04 - DEWEY DECIMAL CLASSIFICATION NUMBER |
| Edition number |
23 |
| Classification number |
628.16833 |
| Item number |
In858 |
| 110 2# - MAIN ENTRY--CORPORATE NAME |
| Corporate name or jurisdiction name as entry element |
Intergovernmental Maritime Consultative Organization |
| 245 10 - TITLE STATEMENT |
| Title |
Manual on Oil Pollution. |
| Number of part/section of a work |
Section I, |
| Name of part/section of a work |
Prevention : October 1976 / |
| 260 ## - PUBLICATION, DISTRIBUTION, ETC. (IMPRINT) |
| Place of publication, distribution, etc |
London : |
| Name of publisher, distributor, etc |
Intergovernmental Maritime Consultative Organization. |
| Date of publication, distribution, etc |
1976 |
| 300 ## - PHYSICAL DESCRIPTION |
| Extent |
27 p. : |
| Other physical details |
col. ill. ; |
| Dimensions |
21 cm. |
| 505 0# - FORMATTED CONTENTS NOTE |
| Formatted contents note |
Section 1. Prevention.--Section 2. Contingency planning.--Section 3. Salvage.--Section [4] Practical information on means of dealing with oil spillages. |
| 650 #0 - SUBJECT ADDED ENTRY--TOPICAL TERM |
| Topical term or geographic name as entry element |
Oil pollution of the sea |
| General subdivision |
Prevention |
| Form subdivision |
Handbooks, manuals, etc. |
| 650 #0 - SUBJECT ADDED ENTRY--TOPICAL TERM |
| Topical term or geographic name as entry element |
Oil pollution of rivers, harbors, etc. |
| General subdivision |
Prevention |
| Form subdivision |
Handbooks, manuals, etc. |
| 852 ## - LOCATION/CALL NUMBER |
| Location |
IMU Kochi Library |
| 904 ## - LOCAL DATA ELEMENT D, LDD (RLIN) |
| CATALOGER |
Rudra Ranjan |
| 905 ## - LOCAL DATA ELEMENT E, LDE (RLIN) |
| VERIFIER |
Rudra Ranjan |
| 942 ## - ADDED ENTRY ELEMENTS (KOHA) |
| Item type |
Books |